| 000 | 00623nam a22001937a 4500 | ||
|---|---|---|---|
| 003 | OSt | ||
| 005 | 20251205054407.0 | ||
| 008 | 251205b |||||||| |||| 00| 0 eng d | ||
| 020 | _a971-118-112-6. | ||
| 040 |
_aDWCL-Main lib. _cOC |
||
| 082 | _aFil. 907.2 F727 1991 | ||
| 100 | _aForonda, Marcelino A. | ||
| 245 |
_aKasaysayan : _b studies on local and oral history/ _cMarcelino A. Foronda |
||
| 260 |
_aManila : _bDe La Salle University Press, _cc1991. |
||
| 300 |
_a175 p. ; _c 23 cm. |
||
| 504 | _aIncludes bibliographical references and index. | ||
| 650 | _aHisotiography. | ||
| 942 |
_2ddc _cBK - FIL _hFil. _n0 |
||
| 999 |
_c6941 _d6941 |
||